000
00220nam a22000857a 4500
008
160915b xxu||||| |||| 00| 0 eng d
100
_9
522
_a
Khurana.S
245
_a
Mathematics Lab-7
260
_a
New Delhi
_b
AI Publications
_c
2011
999
_c
3179
_d
3179